Saint-Exupéry par lui-même /

Antoine Jean-Baptiste Marie Roger de Saint Exupéry (1900-1944), escritor y aviador francés. Pionero de los vuelos postales internacionales, realizó estudios en la Universidad de Friburgo, Suiza y en alguna época se dedicó al periodismo. Recorrió varios continentes a bordo de su avión y vivió en Arge...

Deskribapen osoa

Gorde:
Xehetasun bibliografikoak
Egile nagusia: Estang, Luc (autor)
Formatua: Liburua
Hizkuntza:gaztelania
Argitaratua: París, Francia : Editions du Seuil, 1956, c1956
Saila:(Ecrivains de Toujours ; 34)
Gaiak:
Etiketak: Etiketa erantsi
Etiketarik gabe, Izan zaitez lehena erregistro honi etiketa jartzen!

MARC

LEADER 00000nam^a2200000^a^4500
001 000293226
005 20250521000000.0
009 20260310112133.625
037 |a Acervo Xavier Clavigero 
041 |a ESP 
082 |a 840. 94408  |b EST 
100 |a Estang, Luc  |e (autor) 
245 1 0 |a Saint-Exupéry par lui-même /  |c L. Estang. 
264 4 |a París, Francia :  |b Editions du Seuil,  |c 1956, c1956 
300 |a 191 p. 
336 |a texto  |b txt  |2 rdacontenido 
337 |a sin mediación  |b n  |2 rdamedio 
338 |a volumen  |b nc  |2 rdasoporte 
440 1 |a (Ecrivains de Toujours ;  |v 34) 
520 |a Antoine Jean-Baptiste Marie Roger de Saint Exupéry (1900-1944), escritor y aviador francés. Pionero de los vuelos postales internacionales, realizó estudios en la Universidad de Friburgo, Suiza y en alguna época se dedicó al periodismo. Recorrió varios continentes a bordo de su avión y vivió en Argentina y en Nueva York, donde se exilió tras la invasión de su tierra natal por los alemanes y la rendición del ejército francés. En esta última ciudad convivió con intelectuales franceses y españoles. Regresó a Europa para luchar al lado de las tropas de la Francia Libre, con un escuadrón instalado en el Mediterráneo; desapareció en una misión de reconocimiento que partió de Córcega. En prácticamente toda su obra literaria se encuentran referencias autobiográficas, particularmente en referencia con su experiencia como piloto durante los vuelos postales; asimismo, en ella reflexiona sobre la naturaleza del ser humano y critica la cultura de su tiempo. Su libro más famoso, ilustrado por él mismo, es El principito (1943), considerado por unos una narración filosófica con énfasis en la crítica social y del mundo adulto, y por otros, como un relato poético que habla de los valores esenciales del humanismo, como la solidaridad, la bondad, la tenacidad, el compañerismo y el entusiasmo por el conocimiento; traducido a múltiples idiomas, ha roto récords de ventas en todo el mundo. Saint Exupéry también publicó Correo del sur (1929), Vuelo nocturno (1931), Tierra de hombres (1939), Carta a un rehén (1943) y, de manera póstuma, Ciudadela (1948). Recibió el Grand Prix de la Academia Francesa por Vuelo nocturno. 
520 |a Biografía del escritor francés Antoine de Saint-Exupéry, construida a partir tanto de comentarios de diversos autores sobre la vida de Saint-Exupéry como de textos, cartas, mensajes o fragmentos tomados de su propia obra. 
649 |a XX 
650 |a Aviadores Franceses -  |x Biografías 
650 |a Escritores Franceses -  |x Biografías 
650 |a Novela Francesa -  |x Historia y Crítica 
650 |a Cuentos Infantiles -  |x Historia y Crítica 
650 |a Literatura Francesa -  |x Historia y Crítica 
650 |a Literatura Francesa -  |y Siglo XX 
650 |a Saint-Exupéry, Antoine de -  |x Tema Principal 
910 |a Fondo General 
920 |a Impresos - Libros 
930 |a Colección General 
940 |a Literatura 
905 |a 101 
901 |a 031752  |b IT1  |c LIT  |u 20250521 
902 |a https://opac.biblio.iteso.mx/vufind/Record/000293226